000 00963nam a2200277 i 4500
999 _c58452
_d58452
001 58452
003 Mx-PuUPA
005 20220302080752.0
008 140415s2017 mx r 000 0 spa d
020 _a9786070926501
040 _aMX-PuUPA
_bspa
_erda
_cMx-PuUPA
_dMx-PuUPA
041 _aspa
100 1 _aOrellana Wiarco, Octavio Alberto,
_eautor
_97030
245 0 0 _aTeoría y práctica de la argumentación jurídica /
_cOctavio Alberto Orellana Wiarco
250 _aSegunda edición
264 _aCiudad de México :
_bEditorial Porrúa,
_c©2017
300 _axx, 304 páginas ;
_c23 cm.
336 _atexto
_2rdacontent
_btxt
337 _asin medio
_2rdamedia
_bn
338 _avolumen
_2rdacarrier
_bnc
650 4 _aDerecho
_xFilosofía
942 _2ddc
_cLI
_h340.1
_iO661